[Event "Klatovy op-B 22nd"]
[Site "Klatovy"]
[Date "2016.07.04"]
[Round "3"]
[White "Vavrinkova, Anna"]
[Black "Ostry, Michal"]
[Result "1/2-1/2"]
[WhiteElo "1364"]
[BlackElo "1644"]
[PlyCount "76"]
[EventDate "2016.07.02"]
[EventType "swiss"]
[EventRounds "9"]
[EventCountry "CZE"]
[SourceTitle "EXT 2019"]
[Source "ChessBase"]
[SourceDate "2018.10.10"]
[SourceVersion "1"]
[SourceVersionDate "2018.10.10"]
[SourceQuality "1"]

1. e4 c5 2. Nf3 d6 3. Bb5+ Bd7 4. Bxd7+ Qxd7 5. 0-0 Nc6 6. c4 g6 7. Re1 Bg7 8. d3 e6 9. Nbd2 Nge7 10. Nb3 Rc8 11. Qe2 0-0 12. Be3 Qc7 13. Rac1 Na5 14. Nxa5 Qxa5 15. a3 Nc6 16. h3 b5 17. cxb5 Qxb5 18. Rc2 Rb8 19. Rb1 Rb7 20. b3 Rfb8 21. Nd2 Na5 22. Nc4 Qa6 23. Nxa5 Qxa5 24. Qd1 Rxb3 25. Rxb3 Rxb3 26. Rxc5 dxc5 27. Qxb3 Be5 28. g3 Bxg3 29. fxg3 Qe1+ 30. Kg2 Qxe3 31. Qb8+ Kg7 32. Qxa7 Qxd3 33. Qxc5 Qxe4+ 34. Kf2 Qa4 35. Qc3+ Kg8 36. Qc8+ Kg7 37. Qc3+ Kf8 38. Qc8+ Kg7 1/2-1/2

[Event "Liptovsky Mikulas CupT U20"]
[Site "Liptovsky Mikulas"]
[Date "2016.06.23"]
[Round "5.4"]
[White "Vavrinkova, Anna"]
[Black "Gemsova, Tereza"]
[Result "1/2-1/2"]
[WhiteElo "1333"]
[BlackElo "1457"]
[PlyCount "42"]
[EventDate "2016.06.21"]
[EventType "team-swiss"]
[EventRounds "8"]
[EventCountry "SVK"]
[SourceTitle "CBM 173 Extra"]
[Source "ChessBase"]
[SourceDate "2016.08.29"]
[SourceVersion "1"]
[SourceVersionDate "2016.08.29"]
[SourceQuality "1"]
[WhiteTeam "Opavsko (U20) II"]
[BlackTeam "Opavsko (U20)"]
[WhiteTeamCountry "CZE"]
[BlackTeamCountry "CZE"]

1. e4 e5 2. Nf3 Nc6 3. Bb5 Bc5 4. 0-0 d6 5. c3 a6 6. Bxc6+ bxc6 7. d4 exd4 8. cxd4 Bb6 9. Re1 Ne7 10. Nc3 0-0 11. h3 h6 12. Bf4 Ng6 13. Bh2 Re8 14. Qd3 Qf6 15. e5 Qd8 16. exd6 cxd6 17. Rxe8+ Qxe8 18. Bxd6 Be6 19. Re1 Qd7 20. Bh2 Ba5 21. a3 c5 1/2-1/2

[Event "Liptovsky Mikulas CupT U20"]
[Site "Liptovsky Mikulas"]
[Date "2016.06.21"]
[Round "1.4"]
[White "Vavrinkova, Anna"]
[Black "Waszczuk, Patrycja"]
[Result "0-1"]
[WhiteElo "1333"]
[BlackElo "1798"]
[PlyCount "68"]
[EventDate "2016.06.21"]
[EventType "team-swiss"]
[EventRounds "8"]
[EventCountry "SVK"]
[SourceTitle "CBM 173 Extra"]
[Source "ChessBase"]
[SourceDate "2016.08.29"]
[SourceVersion "1"]
[SourceVersionDate "2016.08.29"]
[SourceQuality "1"]
[WhiteTeam "Opavsko (U20) II"]
[BlackTeam "Krakow Wisla (U20)"]
[WhiteTeamCountry "CZE"]
[BlackTeamCountry "POL"]

1. e4 c5 2. Nf3 a6 3. d4 cxd4 4. Nxd4 Nf6 5. Nc3 e5 6. Nf3 Bb4 7. Bd3 d5 8. Nxe5 Qc7 9. f4 dxe4 10. Bc4 0-0 11. 0-0 Bd6 12. Nd5 Nxd5 13. Bxd5 Kh8 14. Nxf7+ Rxf7 15. Bxf7 Bc5+ 16. Kh1 Qxf7 17. Qd8+ Qf8 18. Qd5 Nc6 19. Qxe4 Bf5 20. Qc4 Rd8 21. b3 b5 22. Qe2 Nd4 23. Qe5 Nxc2 24. Rb1 Bd4 25. Qe2 Nb4 26. Ba3 Bxb1 27. Rxb1 Bc5 28. Re1 h6 29. h3 Nd3 30. Bxc5 Qxc5 31. Rf1 Qd4 32. f5 Qe5 33. Qg4 Nf2+ 34. Rxf2 Qe1+ 0-1